| 000 | 02511nam0a2200433 4500 | ||
|---|---|---|---|
| 001 | RU\NLR\bibl\1045229 | ||
| 005 | 20260405101108.0 | ||
| 021 |
_aRU _b2006-85220 _94319 |
||
| 035 | _a(nilc)RSL-KNO-003015496 | ||
| 035 | _a(NLR Aleph) 001032601 | ||
| 090 |
_a768150 _c768150 |
||
| 100 | _a20061226d2006 |||y0rusy50 ca | ||
| 101 | 0 | _arus | |
| 102 | _aRU | ||
| 105 | _aa zzzz||||| | ||
| 106 | _ar | ||
| 200 | 1 |
_aЧисленное моделирование отрывных течений в соплах _fГ.С. Глушко, И.Э. Иванов, И.А. Крюков, И.В. Терехов |
|
| 210 |
_aМосква _cИнститут проблем механики _d2006 |
||
| 215 |
_a40 с. _cил. _d21 |
||
| 225 | 1 |
_aПрепринт _fИн-т пробл. механики Рос. акад. наук _vN° 815 |
|
| 313 | _aреактивных двигателей | ||
| 320 | _aБиблиогр.: с. 37-40 (31 назв.) | ||
| 606 | 1 |
_aОтрывные течения _xРасчет _xЧисленные методы _91860329 _3RU\NLR\auth\66843777 |
|
| 606 | 1 |
_aРеактивные двигатели _xСопла _91524141 _3RU\NLR\auth\66964563 |
|
| 610 | 0 | _aТранспорт -- Межпланетные полёты -- Космонавтика -- Силовые установки космических летательных аппаратов -- Ракетные двигатели космических летательных аппаратов -- Детали, узлы, системы -- Реактивные сопла -- Рабочие процессы. Термогазодинамика -- Математическое моделирование | |
| 610 | 0 | _aотрывные течения в соплах | |
| 686 |
_aО651-049-011с116,0 _2rubbk |
||
| 686 | _aО651-049-01с116 | ||
| 701 | 1 |
_4070 _8rus _7ca _aГлушко _bГ. С. _gГеннадий Степанович _3RU\NLR\auth\7737116 _920105 |
|
| 701 | 1 |
_4070 _8rus _7ca _aИванов _bИ. Э _cканд. физ.-мат. наук, газодинамика _gИгорь Эдуардович _3RU\NLR\auth\7737114 _920103 |
|
| 701 | 1 |
_4070 _8rus _7ca _aКрюков _bИ. А. _gИгорь Анатольевич _3RU\NLR\auth\7737119 _920108 |
|
| 701 | 1 |
_aТерехов _bИ. В. _gИлья Валерьевич _4070 |
|
| 801 | 0 |
_aRU _bРКП _c20061226 _grcr |
|
| 801 | 1 |
_aRU _bРГБ _c20061226 |
|
| 801 | 2 |
_aRU _bNLR _c20070214 _grcr |
|
| 830 | _aАвт. по кн. | ||
| 942 | _cBOOK | ||
| 980 | _aNB | ||